[Event "FRA-ch Blitz Online Qual"]
[Site "Europe Echecs INT"]
[Date "2020.05.16"]
[Round "9"]
[White "Belattar, Salah Eddine"]
[Black "Brasseur, Vincent"]
[Result "0-1"]
[WhiteElo "1886"]
[BlackElo "1603"]
[PlyCount "112"]
[EventDate "2020.05.16"]
[EventType "swiss (blitz)"]
[EventRounds "15"]
[EventCountry "FRA"]
[SourceTitle "CBM 196 Extra"]
[Source "ChessBase"]
[SourceDate "2020.07.31"]
[SourceVersion "1"]
[SourceVersionDate "2020.07.31"]
[SourceQuality "1"]

1. d4 Nf6 2. Nf3 d5 3. g3 e6 4. Bg2 Be7 5. 0-0 0-0 6. c3 Nbd7 7. b3 Rb8 8. Bb2 c5 9. dxc5 Nxc5 10. Nbd2 b6 11. Rc1 Bb7 12. b4 Ncd7 13. a4 Re8 14. Qb3 Bd6 15. c4 dxc4 16. Nxc4 Bd5 17. Nd4 Ne5 18. Bxd5 exd5 19. Nxe5 Bxe5 20. Nc6 Qd6 21. Bxe5 Rxe5 22. Nxe5 Qxe5 23. e3 h5 24. Qc3 Qe6 25. Kg2 h4 26. Qd4 hxg3 27. hxg3 Re8 28. Rh1 Ne4 29. Rh2 f6 30. Rch1 Kf7 31. b5 Re7 32. f3 Ng5 33. Qf4 d4 34. e4 d3 35. Rh5 Qb3 36. Rxg5 Qc2+ 37. Kh3 d2 38. Qd6 d1Q 39. Rxd1 fxg5 40. Qd5+ Kf8 41. Qd8+ Kf7 42. Qd5+ Kf8 43. Rd2 Qc1 44. Rd1 Qc8+ 45. g4 Qc2 46. Rd2 Qc3 47. Qd8+ Kf7 48. Rd3 Qc1 49. Qd5+ Kf8 50. Qxg5 Qh1+ 51. Kg3 Qg1+ 52. Kf4 Qc1+ 53. Kf5 Rf7+ 54. Kg6 Rf6+ 55. Kh5 Rh6+ 56. Qxh6 Qxh6# 0-1